India after Gandhi (Record no. 1303197)

MARC details
000 -LEADER
fixed length control field 00585nam a2200217Ia 4500
005 - DATE AND TIME OF LATEST TRANSACTION
control field 20250326144309.0
008 - FIXED-LENGTH DATA ELEMENTS--GENERAL INFORMATION
fixed length control field 250326s9999 xx 000 0 und d
020 ## - INTERNATIONAL STANDARD BOOK NUMBER
International Standard Book Number 978-0-330-39610-3
037 ## - SOURCE OF ACQUISITION
Stock number Textbook
040 ## - CATALOGING SOURCE
Original cataloging agency FMSL
Language of cataloging eng
Transcribing agency FMSL
041 ## - LANGUAGE CODE
Language code of text/sound track or separate title eng
Source of code eng
084 ## - COLON CLASSIFICATION NUMBER
Classification number V44'N48 P7
Assigning agency FMSL
100 ## - MAIN ENTRY--PERSONAL NAME
Personal name Guha Ramchandra
9 (RLIN) 457969
245 #0 - TITLE STATEMENT
Title India after Gandhi
Statement of responsibility, etc. Guha Ramchandra
260 ## - PUBLICATION, DISTRIBUTION, ETC.
Place of publication, distribution, etc. United Kingdom
Name of publisher, distributor, etc. United Kingdom, Picador
Date of publication, distribution, etc. 2007
300 ## - PHYSICAL DESCRIPTION
Extent 900p
365 ## - TRADE PRICE
Price amount 695
650 ## - SUBJECT ADDED ENTRY--TOPICAL TERM
Topical term or geographic name entry element Novel
942 ## - ADDED ENTRY ELEMENTS (KOHA)
Koha item type Textbook
Classification part V44'N48 P7
Holdings
Withdrawn status Lost status Damaged status Not for loan Home library Current library Date acquired Source of acquisition Cost, normal purchase price Total Checkouts Full call number Barcode Date last seen Price effective from Koha item type
        Faculty of Management Library Faculty of Management Library 2025-03-26 Index International 695.00   V44'N48 P7 ML1351865 2025-03-26 2025-03-26 Textbook
Copyright @ Delhi University Library System